Statistics for NCAA Tournament Winners

Click here to take the quiz!

General Stats

  • This quiz has been taken 71 times
  • The average score is 61 of 81

Answer Stats

YearAnswer% Correct
'01Duke
98%
'10Duke
98%
'15Duke
98%
'91Duke
98%
'92Duke
98%
'57North Carolina
95%
'05North Carolina
95%
'09North Carolina
95%
'93North Carolina
95%
'17North Carolina
95%
'82North Carolina
95%
'52Kansas
92%
'88Kansas
92%
'08Kansas
92%
'96Kentucky
92%
'58Kentucky
92%
'78Kentucky
92%
'98Kentucky
92%
'51Kentucky
92%
'48Kentucky
92%
'49Kentucky
92%
'12Kentucky
92%
'89Michigan
90%
'45Oklahoma A&M
90%
'46Oklahoma A&M
90%
'18Villanova
90%
'16Villanova
90%
'85Villanova
90%
'19Virginia
87%
'07Florida
85%
'06Florida
85%
'67UCLA
85%
'95UCLA
85%
'69UCLA
85%
'75UCLA
85%
'70UCLA
85%
'71UCLA
85%
'64UCLA
85%
'72UCLA
85%
'73UCLA
85%
'65UCLA
85%
'68UCLA
85%
'79Michigan State
84%
'00Michigan State
84%
'87Indiana
80%
'40Indiana
80%
'53Indiana
80%
'76Indiana
80%
'81Indiana
80%
'14Connecticut
79%
'11Connecticut
79%
'04Connecticut
79%
'99Connecticut
79%
'86Louisville
75%
'13Louisville
75%
'80Louisville
75%
'97Arizona
74%
'03Syracuse
72%
'02Maryland
69%
'60Ohio State
69%
'83North Carolina State
67%
'74North Carolina State
67%
'41Wisconsin
67%
'84Georgetown
66%
'39Oregon
64%
'94Arkansas
59%
'90UNLV
57%
'59California
54%
'61Cincinnati
44%
'62Cincinnati
44%
'77Marquette
43%
'42Stanford
41%
'44Utah
41%
'56San Francisco
39%
'55San Francisco
39%
'63Loyola Chicago
33%
'43Wyoming
25%
'50CCNY
23%
'66Texas Western
21%
'54La Salle
20%
'47Holy Cross
18%

Score Distribution

Percentile by Number Answered

Percent of People with Each Score

Your Score History

You have not taken this quiz